Vplyv nepriaznivého výberu na rovnováhu na poistnom trhu: Experimentálna štúdia

Kvantifikácia zmeny v dosahovanej užitočnosti dopytu a ponuky poistenia v dôsledku prítomnosti nepriaznivého výberu na poistnom trhu.

Salvato in:
Dettagli Bibliografici
Autore principale: Kollárovič, Patrik
Altri autori: Brokešová, Zuzana, 1985-, Pastoráková, Erika, 1972-
Natura: Capitolo di libro
Lingua:slovacco
Soggetti:
Tags: Aggiungi Tag
Nessun Tag, puoi essere il primo ad aggiungerne!!

MARC

LEADER 00000naa a2200000 4500
001 0249898
005 20240502074011.9
041 0 |a slo 
044 |a SK 
245 1 0 |a Vplyv nepriaznivého výberu na rovnováhu na poistnom trhu: Experimentálna štúdia  |c Patrik Kollárovič, Zuzana Brokešová, Erika Pastoráková 
520 |a Kvantifikácia zmeny v dosahovanej užitočnosti dopytu a ponuky poistenia v dôsledku prítomnosti nepriaznivého výberu na poistnom trhu. 
610 2 0 |a trh poistný 
610 2 0 |a rovnováha trhová 
610 2 0 |a ponuka 
610 2 0 |a dopyt 
610 2 0 |a informácie 
100 1 |a Kollárovič, Patrik 
700 1 |a Brokešová, Zuzana, 1985- 
700 1 |a Pastoráková, Erika, 1972-